Poistenie - služba zamestnávateľa svojim pracovníkom

Poistné služby, ktoré ponúka poisťovňa Otčina pre významných klientov. Výhody, ktoré prinášajú služby pre zamestnancov, zamestnávateľa a poisťovňu. Zvýhodnené poistné sadzby v dôchodkovom, úrazovom a životnom poistení, poistení zodpovednosti za škody z výkonu povolania, poistení domácností a rodinné...

ver descrição completa

Na minha lista:
Detalhes bibliográficos
Autor principal: Háčik, Radomír
Outros Autores: Schwarz, V.
Formato: Capítulo de Livro
Idioma:eslovaco
Assuntos:
Tags: Adicionar Tag
Sem tags, seja o primeiro a adicionar uma tag!

MARC

LEADER 00000naa a2200000 4500
001 r025787
005 20230925121712.0
041 0 |a slo 
044 |a SK 
245 1 0 |a Poistenie - služba zamestnávateľa svojim pracovníkom  |c Radomír Háčik, V. Schwarz 
520 |a Poistné služby, ktoré ponúka poisťovňa Otčina pre významných klientov. Výhody, ktoré prinášajú služby pre zamestnancov, zamestnávateľa a poisťovňu. Zvýhodnené poistné sadzby v dôchodkovom, úrazovom a životnom poistení, poistení zodpovednosti za škody z výkonu povolania, poistení domácností a rodinného domu, havarijnom poistení motorových vozidiel a v cestovnom poistení. 
610 2 0 |a poisťovníctvo 
610 2 0 |a poisťovne 
610 2 0 |a Otčina, a.s. Bratislava 
610 2 0 |a poistenie dôchodkové 
610 2 0 |a poistenie životné 
610 2 0 |a poistenie úrazové 
610 2 0 |a poistenie zodpovednosti za škody 
610 2 0 |a poistenie majetku 
610 2 0 |a poistenie havarijné 
610 2 0 |a poistenie cestovné 
100 1 |a Háčik, Radomír 
700 1 |a Schwarz, V.